Simpsons Illnesses & Injuries Quiz Stats

 Plays Quiz Updated Jul 16, 2017

Support Sporcle.
Go Orange.
Score 0/20 Timer 06:00
3 Plays Today
% Correct
Broken Leg
92.6%
Broken Jaw
92.5%
Switchblade
in the Eye
92.4%
Chicken Pox
89.6%
Pollen Allergy
88.9%
Broken Bones
and Kidney Donation
88.1%
Surgery Scab
87.7%
Cardiac Episode
87%
Cracked Coccyx
86.5%
Common Cold
86.1%
% Correct
Crayon Lodged
in Brain
86.1%
Gigantism
83.1%
Heart Attack
82.4%
Broken Bones
and Head Injury
76.6%
Peanut Allergy
74.2%
Stress Fracture
74.2%
Twisted Stomach
71.3%
Mumps
70.9%
Radiation Poisoning
62.5%
Bee Allergy
61.5%

You're not logged in!

Compare scores with friends on all Sporcle quizzes.
OR
Log In
Forgot?

From the Vault

Top 20 Most Prominent Languages

by popestcyril

Here's a new way to look at language: global influence.
Remove Ads.
Support Sporcle.
Get the best of Sporcle when you Go Orange. This ad-free experience offers more features, more stats, and more fun while also helping to support Sporcle. Thank you for becoming a member.

Show Comments

Extras

Top Quizzes Today


Score Distribution

Your Account Isn't Verified!

In order to create a playlist on Sporcle, you need to verify the email address you used during registration. Go to your Sporcle Settings to finish the process.

Report this User

Report this user for behavior that violates our Community Guidelines.

Details: